Statistics for 25 Biggest Cities of the Soviet Union

Click here to take the quiz!

General Stats

  • This quiz has been taken 9,084 times
    (6,936 since last reset)
  • The average score is 12 of 25

Answer Stats

Population City % Correct
8,967,332Moscow
100%
5,023,500Leningrad
(St. Petersburg)
98%
2,587,945Kiev
87%
1,607,000Minsk
77%
1,022,578Volgograd
66%
915,106Riga
65%
1,150,055Baku
54%
1,259,692Tbilisi
52%
1,115,371Odessa
48%
1,364,621Sverdlovsk
(Yekaterinburg)
48%
2,079,000Tashkent
47%
1,100,372Yerevan
46%
1,071,900Alma-Ata
(Almaty)
42%
1,438,133Gorky
(Nizhny Novgorod)
41%
1,436,516Novosibirsk
36%
1,094,378Kazan
34%
1,109,100Donetsk
34%
1,019,305Rostov-on-Don
30%
1,148,418Omsk
29%
1,593,970Kharkov
(Kharkiv)
26%
1,254,460Kuybyshev
(Samara)
26%
1,082,052Ufa
23%
1,090,944Perm
23%
1,178,000Dnipropetrovsk
(Dnipro)
20%
1,141,777Chelyabinsk
19%

Score Distribution

Percentile by Number Answered

Percent of People with Each Score

Your Score History

You have not taken this quiz since the last reset